| 000 | 00925cab a22001935a 4500 | ||
|---|---|---|---|
| 001 | L147252 | ||
| 008 | 090421e20090325xxkd f s 000 0 eng d | ||
| 035 | _a(Sirsi) u147252 | ||
| 041 | 0 | _aeng | |
| 100 | 1 | _aLeitch, John | |
| 245 | 0 | 0 |
_aCJ2 _bNow big is best |
| 260 | _c2009 | ||
| 490 |
_aContract Journal _v446 (6716) 25 March 2009, 21-26 (4) |
||
| 520 | _aLists top contractors by pre-tax profit for 2008. Suggests that the top 20 contractors will have a strong advantage over the others in 2009, due to their good results in 2008 and their long term frameworks. In contrast, the 200 following contractors in the table might find the year 2009 difficult because of lower credit insurance cover. Presents share price changes for 2008 for contractors and consultants, housebuilders, suppliers and plants. | ||
| 590 | _aKA | ||
| 651 | 4 |
_aUnited Kingdom _y |
|
| 690 | _aBUILT ENVIRONMENT-CONSTRUCTION MARKET | ||
| 942 | _n0 | ||
| 999 |
_c81453 _d81453 |
||